Quizzes
Events
Quiz Creation
Community
Videos
Private Events
Remove Ads
Sign In
Join for FREE
Feedback
Dark Mode
Quiz Categories
Sports
Geography
Music
Movies
Television
Just For Fun
Miscellaneous
History
Literature
Language
Science
Gaming
Entertainment
Religion
Holiday
For Kids
Quiz Lab
Recent
Popular Today
Quiz Kudos Today
Editor Picks
Curator Picks
Quizzes by...
Day
Popularity
Type
Ratings
Length
Year
Community
Subscriptions
Recent Discussions
Orange Saloon
Badges
Playlists
Quests
Create
Leaderboards
Showdown
Live 5
Trivia Bingo
Activity
Puzzle Library
Sporcle Events
Private Events
Virtual Trivia
Globe League
Become a Host
Pub Owners
SporcleCon
Opinionation
Our Games
Videos
Blog
Mobile Apps
Partnerships
Remove Ads and Go Orange
Feedback
Sports
Athletes
MLB
NBA
NHL
NFL
Soccer
Sports Teams
WWE
NCAA
Football
Premier League
Basketball
Baseball
Hockey
Golf
Tennis
Cricket
Rugby
Auto Racing
Olympics
World Cup
Sports
Athletes
MLB
NBA
NHL
NFL
Soccer
Sports Teams
WWE
NCAA
Football
Premier League
Basketball
Baseball
Hockey
Golf
Tennis
Cricket
Rugby
Auto Racing
Olympics
World Cup
Random Quiz
Search Sporcle
×
Quiz Lab
Quiz Lab
Sports
NBA
Type in answers that appear in a list
Type in answers that appear in a list
Classic
Best Score? Go Orange.
NBA 1-Time All Stars Stats
Can you name the NBA players who are named to the all star team only once in their career?
By
mrkjsphgvn28476
15m
125 Questions
96 Plays
96 Plays
96 Plays
Comments
Comments
Give Quiz Kudos
Give Quiz Kudos
-
- Ratings
hide this ad
Replay
Link that replays current quiz
Next Quiz
Link to next quiz in quiz playlist
You Got
0%
They Got
Avg Score
39%
Avg Friend Score
Upgrade to see
Score Distribution
Jump to the score distribution portion of the page
Score
0/125
Timer
15:00
0
Plays Today
Season (Team)
Player Name
% Correct
2017 Clippers*
DeAndre Jordan
93.8%
2017 Hornets*
Kemba Walker
91.7%
2016 Pistons*
Andre Drummond
91.7%
2015 Hawks*
Jeff Teague
88.5%
2017 Jazz*
Gordon Hayward
87.5%
2015 Hawks*
Kyle Korver
85.4%
2017 Bucks*
Giannis Antetokounmpo
83.3%
2009 Cavaliers
Mo Williams
82.3%
1998 Nets
Jayson Williams
82.3%
2013 Knicks*
Tyson Chandler
80.2%
2012 Lakers
Andrew Bynum
80.2%
2009 Magic*
Jameer Nelson
78.1%
1998 Hawks
Steve Smith
78.1%
1966 Royals
Adrian Smith
78.1%
2013 Sixers*
Jrue Holiday
76%
2012 Sixers*
Andre Iguodala
75%
2013 Nets*
Brook Lopez
74.5%
2010 Bobcats
Gerald Wallace
74%
2009 Pacers
Danny Granger
74%
2004 Timberwolves
Sam Cassell
70.8%
2004 Bucks
Michael Redd
69.8%
2001 Kings
Vlade Divac
69.8%
2007 Mavericks
Josh Howard
68.8%
2004 Jazz
Andrei Kirilenko
68.8%
1996 Bullets
Juwan Howard
68.8%
2010 Clippers
Chris Kaman
67.7%
1988 Trailblazers
Steve Johnson
65.6%
2009 Nets*
Devin Harris
64.6%
2001 Raptors
Antonio Davis
62.5%
2000 Pacers
Dale Davis
62.5%
1998 Lakers
Nick Van Exel
62.5%
2007 Jazz
Mehmet Okur
59.4%
2004 Nets
Kenyon Martin
59.4%
1989 Knicks
Mark Jackson
58.3%
1965 Sixers
Luke Jackson
58.3%
2004 Pacers
Metta World Peace
57.3%
1994 Bulls
BJ Armstrong
56.3%
1998 Pacers
Rik Smits
55.2%
1994 Knicks
John Starks
55.2%
1994 Nets
Derrick Coleman
54.2%
1994 Bulls
Horace Grant
54.2%
1955 Royals
Jack Coleman
54.2%
Season (Team)
Player Name
% Correct
1990 Lakers
AC Green
52.1%
1984 Jazz
Rickey Green
52.1%
2002 Timberwolves
Wally Szczerbiak
51%
1994 Knicks
Charles Oakley
51%
1992 Celtics
Reggie Lewis
51%
1989 Jazz
Mark Eaton
50%
2001 Heat
Anthony Mason
49%
1988 Celtics
Danny Ainge
49%
2001 Nuggets
Antonio McDyess
47.9%
1994 Nets
Kenny Anderson
47.9%
2003 Hornets
Jamal Mashburn
46.9%
2002 Hawks
Shareef Abdur-rahim
46.9%
1989 Supersonics
Dale Ellis
46.9%
1994 Hawks
Mookie Blaylock
45.8%
1994 Trailblazers
Clifford Robinson
45.8%
1970 Bucks
Flynn Robinson
45.8%
1997 Timberwolves
Tom Gugliotta
44.8%
1997 Hawks
Christian Laettner
44.8%
1995 Lakers
Cedric Ceballos
44.8%
1992 Rockets
Otis Thorpe
44.8%
2004 Hornets
Jamaal Magloire
43.8%
1995 Cavaliers
Tyrone Hill
43.8%
1992 Hawks
Kevin Willis
43.8%
1976 Supersonics
Fred Brown
43.8%
1987 Warriors
Joe Carroll
40.6%
1992 Bullets
Michael Adams
39.6%
1976 Suns
Alvan Adams
39.6%
2001 Sixers
Theo Ratliff
38.5%
1992 Suns
Jeff Hornacek
38.5%
1991 Sixers
Hersey Hawkins
37.5%
1974 Cavaliers
Austin Carr
36.5%
1968 Bulls
Bob Boozer
36.5%
1980 Clippers
World B. Free
35.4%
1973 Knicks
Bill Bradley
34.4%
1988 Hawks
Doc Rivers
33.3%
1995 Sixers
Dana Barros
30.2%
1980 Knicks
Bill Cartwright
30.2%
1979 Rockets
Calvin Murphy
30.2%
1988 Supersonics
Xavier McDaniel
27.1%
1987 Warriord
Sleepy Floyd
26%
1988 Mavericks
James Donaldson
25%
1975 Lakers/
Bucks
Jim Price
22.9%
Season (Team)
Player Name
% Correct
1991 Bucks/
Supersonics
Ricky Pierce
21.9%
1997 Mavericks/
Nets
Chris Gatling
20.8%
1981 Cavaliers
Mike Mitchell
19.8%
1968 Warriors
Jim King
19.8%
1968 Warriors
Clyde Lee
19.8%
1978 Trailblazers
Lionel Hollins
17.7%
1968 Knicks
Dick Barnett
14.6%
1985 Nuggets
Calvin Natt
13.5%
1979 Cavaliers
Campy Russell
13.5%
1972 Warriors
Cazzie Russell
13.5%
1975 Kings
Sam Lacey
11.5%
1982 Supersonics
Lonnie Shelton
9.4%
1980 Trailblazers
Kermit Washington
8.3%
1951 Olympians
Alex Groza
8.3%
1966 Pistons
Eddie Miles
7.3%
1970 Supersonics
Bob Rule
6.3%
1972 Cavaliers
Butch Beard
5.2%
1951 Olympians
Ralph Beard
5.2%
1975 Sixers
Steve Mix
4.2%
1968 Supersonics
Walt Hazzard
4.2%
1956 Hawks
Bob Harrison
4.2%
1952 Knicks
Max Zaslofsky
4.2%
1973 Sixers/
Kings
John Block
3.1%
1967 Lakers
Darrall Imhoff
3.1%
1957 Knicks
Nat Clifton
3.1%
1976 Pistons
Curtis Rowe
2.1%
1963 Warriors
Tom Meschery
2.1%
1963 Nationals
Lee Shaffer
1%
1959 Warriors
Woody Sauldsberry
1%
1954 Pistons
Jack Molinas
1%
1951 Pistons
Fred Schaus
1%
1969 Bucks
Jon McGlockin
0%
1964 Sixers/
Knicks
Len Chappell
0%
1960 Pistons
Chuck Noble
0%
1957 Royals
Richie Regan
0%
1954 Bullets
Ray Felix
0%
1954 Hawks
Don Sunderlage
0%
1953 Bullets
Don Barksdale
0%
1953 Nationals
Billy Gabor
0%
1952 Olympians
Paul Walther
0%
1951 Knicks
Vince Boryla
0%
Quiz Playlist
Details
Report
Send in Message
Add To Playlist
Classic:
Type in answers that appear in a list
Last Updated: Aug 13, 2017
Quiz Scoreboard
CHALLENGE
Sign Up to Join the Scoreboard
Show All
Scores
Hide
Comments
May contain spoilers
Recently Published
9x9 Crossword: Cartoon Network
by jackfrog10
Miscellaneous
3m
College Basketball Coaching Resumes
by pancakes188
Sports
9m
Billboard Blitz: Fleetwood Mac
by CooCooCachoo
Music
15s
More to Explore
Quiz From the Vault
Featured Blog Post
Where Did the Easter Bunny Come From?
hide this ad
You Might Also Like...
Tags
NBA Quiz
All-Star
NBA All-Star
NBA Player
Top Player
Today's Top Quizzes in Sports
Browse Sports
hide this ad
Today's Top Quizzes in NBA
Browse NBA
Top Contributed Quizzes in Sports
1
2022 World Cup Stars
2
Les meilleurs buteurs des matchs entre le PSG et l’OM
3
FIFA Club World Cup Champions
4
Les entraîneurs de l'OM et du PSG au 21e siècle
5
Criteria MLB: Left Handed Sluggers
6
AFC Teams Reveal (Wrong Answers Minefield)
7
2023 MLB Unique Player Accomplishments
8
5-to-1: FBS Animal Nicknames
9
Players with Multiple 50 Home Run Seasons
10
5-to-1: UK Sports Teams
Explore More
Trending Topics
Anime
Marvel
Disney
Crossword
Kpop
Harry Potter
NBA
Pokémon
Puzzle
Soccer
WWE
Song
NFL
Country
The Office
hide this ad
More By:
mrkjsphgvn28476
Quiz
Plays
Rating
Category
Featured
Created
Nba Top 300 Scorers in 2010's (PPG)
5,180
4.71
Sports
Jul 20, 2017
NBA 1-Time All Stars
96
5.00
Sports
Aug 10, 2017
Go to Creator's Profile
Score Distribution
Quiz Creator Spotlight
mrkjsphgvn28476
Follow
Send a Message
Quizzes Created
-
Created Quiz Play Count
-
More By This Creator
Popular Quizzes Today
1
Find the US States - No Outlines Minefield
2
Find the Countries of Europe - No Outlines Minefield
3
The Countries of the World
4
Find the US States
5
Risky Map Clicking: Biggest States A-Z
6
US States
7
Popular People in 1961
8
Movies - When Are They Set?
More Sports Quizzes
Current Official World Golf Ranking (top 100)
Quiz Lab
Trending Quizzes
Risky Map Clicking: Least Populous States A-Z
1-10 Letter G Words
1-10 Letter F Words
Risky Map Clicking: Next State Alphabetically
Adjectives in 80s TV Shows
Recently Updated
Leaping Animals
pecheneg
Reality TV Shows (A-Z)
bhenderson79
Rickey Henderson's Hall of Fame Teammates
pecheneg
Champions League XIs: Arsenal
pecheneg
Quick Pick: Celebrities in WWE's Hall of Fame
aduchscher
A-Z Keypad Blitz II
pecheneg
Multiple Oscar Actors
pecheneg
Mystery Phrase Blitz: Oscar 'Best Actors'
pecheneg
F. Scott Fitzgerald Novels
LTH
Pick 3 Villains
ddd62291
Trending Topics
Anime
Marvel
Disney
NBA
Kpop
Harry Potter
Crossword
Soccer
WWE
Puzzle
The Office
Pokémon
Song
Country
NFL
Your Account Isn't Verified!
In order to create a playlist on Sporcle, you need to verify the email address you used during registration. Go to your
Sporcle Settings
to finish the process.
Report this User
Report this user for behavior that violates our
Community Guidelines
.
Details:
Send Report
Go to the Sporcle.com Mobile Site →
Comments